000 01278cam a22002054a 4500
005 20250605163950.0
008 250528s ||||||||||||||||||||||||d
035 _a15340
020 _a138961921
040 _aGR-AtMCL
_bgre
_dGR-AtMCL
_eAACR2
245 1 _aOrganizational Behavior / Concepts, Controversies, Applications
250 _a8th
260 _bPrentice Hall International,
_c1998
300 _a794
520 _aIntroduction, What is Organizational Behaviour, The Individual, Foundations of Individual Behavior, Perception and Individual Decision Making, Values and Attitudes and Job Satisfaction, Basic Motivation Concepts, Motivation: From Concepts to Applications, The Group, Foundations of Group Behavior, Understanding Work Teams, Communication, Leadership, Power and Politics, Conflict and Negotiation and Intergroup Behavior, The Organization System, Foundations of Organization Structure, Work Design, Human Resource Policies and Practices, Organizational Culture, Organizational Dynamics, Organizational Change and Stress Management, Appendices, Research in Organizational Behavior, Organizational Change and Stress Management, Name and Organizational Indexes.
700 1 _aRobbins Stephen P
_91079
942 _cBK
999 _c930
_d930